000 00661nam a2200181Ia 4500
005 20260429112041.0
008 260429s9999||||xx |||||||||||||| ||und||
020 _a9789391798864
041 _aHindi
082 _a303.48
_bCHA
100 _aचतुवेर्दी, जगदीश्वर
245 0 _aमाध्यम् और सांस्कृतिक साम्राज्यवाद /
_cजगदीश्वर चतुवेर्दी
250 _a1st ed.
260 _aदिल्ली :
_bएकैडमिक पब्लिकेशन,
_c2022.
300 _a314 p.; Hb
650 _aCultural Imperialism
942 _cTB
999 _c52090
_d52090